000 00735nam a2200229 a 4500
005 20250116063843.0
008 030528s19772000mx r 000 0 spa d
020 _a9684360983 (v.1)
020 _a9684361009 (v.2)
035 _aUPN01000124754
049 _aCG
050 4 _aLB1025 M6.6
100 1 _aMora Ledesma, José Guadalupe de la
_929375
245 1 0 _aPsicologia del aprendizaje /
_cJosé de la Mora Ledesma
260 _aMéxico :
_bProgreso,
_c1977 (2000 impr.).
440 0 _aFondo psicopedagógico progreso ;
_v1-2
505 8 _aContenido:
_gv.1
_tTeorías --
_gv.2
_tFormas
650 4 _aPsicología del aprendizaje
_95221
650 7 _aTeorías del aprendizaje
_2
_91225
650 4 _aEducación
_9682
905 _aLibro
999 _c96933
_d96933